[Event "AUTO-INT-908"]
[Site "http://www.queenalice.com/game.php?id=405283"]
[Date "2008.5.19"]
[Round "1"]
[White "bleve"]
[Black "grazo"]
[Result "0-1"]
[WhiteElo "1576"]
[BlackElo "1969"]

1. e4 c6 2. e5 Qa5 3. a3 Qxe5+ 4. Qe2 Qxe2+ 5. Bxe2 f5 6. f4 g6 7. d4 Nf6 8. Bf3
Bg7 9. c3 O-O 10. b4 a5 11. a4 axb4 12. c4 d5 13. cxd5 Nxd5 14. Nd2 Bxd4 15. Rb1
Rxa4 16. Ne2 c5 17. Bxd5+ Kg7 18. Nb3 b6 19. Nbxd4 cxd4 20. Nxd4 Rd8 21. Ne6+
Bxe6 22. Bxe6 Na6 23. O-O Nc5 24. Bb2+ Kh6 25. Bc1 Nxe6 26. h3 Nd4 27. Be3 Nc2
28. Bxb6 Rb8 29. Bc5 e6 30. Bd6 Re8 0-1

[Event "AUTO-INT-908"]
[Site "http://www.queenalice.com/game.php?id=405284"]
[Date "2008.5.19"]
[Round "1"]
[White "grazo"]
[Black "bleve"]
[Result "1-0"]
[WhiteElo "1967"]
[BlackElo "1578"]

1. Nf3 Nc6 2. g3 e5 3. Bg2 Nf6 4. d3 d5 5. b3 Bb4+ 6. c3 Bd6 7. Bg5 h6 8. Bxf6
Qxf6 9. Nfd2 Be6 10. e4 Bc5 11. f3 d4 12. b4 Bb6 13. b5 Ne7 14. c4 a6 15. bxa6
Rxa6 16. Nb3 c5 17. a4 O-O 18. N1d2 Nc6 19. O-O Ba7 20. Ra2 Nb4 21. Ra1 Nxd3 22.
Ra2 Bxc4 23. Nxc4 Nb4 24. Ra3 Qc6 25. a5 Bb8 26. Rf2 Qb5 27. Bf1 Nc6 28. Nb6 Qb4
29. Ra4 Rxb6 30. Rxb4 1-0

[Event "AUTO-INT-917"]
[Site "http://www.queenalice.com/game.php?id=410351"]
[Date "2008.5.30"]
[Round "1"]
[White "Romerflu"]
[Black "bleve"]
[Result "1-0"]
[WhiteElo "1610"]
[BlackElo "1619"]

1. e4 e5 2. Nf3 Nc6 3. h3 Bc5 4. c3 Nf6 5. d4 exd4 6. cxd4 Bb6 7. Bg5 h6 8. Bxf6
Qxf6 9. e5 Qe6 10. g4 d6 11. Bc4 Qxc4 12. b3 Qd5 13. Nc3 Ba5 14. Rc1 1-0

[Event "AUTO-INT-917"]
[Site "http://www.queenalice.com/game.php?id=410352"]
[Date "2008.5.30"]
[Round "1"]
[White "bleve"]
[Black "Romerflu"]
[Result "0-1"]
[WhiteElo "1637"]
[BlackElo "1592"]

1. e4 e5 2. Nf3 d6 3. Nc3 Bg4 4. Be2 Bxf3 5. Bxf3 Nc6 6. Nd5 Nd4 7. Bg4 c6 8.
Ne3 Nf6 9. c3 h5 10. Be2 Nxe2 11. Qxe2 Nxe4 12. d3 Nf6 13. d4 exd4 14. Nf5+ Be7
0-1

[Event "AUTO-INT-917"]
[Site "http://www.queenalice.com/game.php?id=410363"]
[Date "2008.5.30"]
[Round "1"]
[White "bigbem"]
[Black "bleve"]
[Result "1-0"]
[WhiteElo "1543"]
[BlackElo "1480"]

1. e4 e5 2. Nc3 Bb4 3. Qf3 f6 4. a3 Bxc3 5. Qxc3 a6 6. Ne2 b5 7. Qg3 g6 8. d3
Bb7 9. Be3 Nc6 10. b4 a5 11. bxa5 Rxa5 12. Bd2 Ra4 13. Nc3 Ra8 14. d4 Nxd4 15.
Bd3 c5 16. Nxb5 Ne6 17. Nd6+ Ke7 18. Nxb7 Qb6 19. Nxc5 Nxc5 20. Bb4 Rxa3 21.
Bxa3 Qa5+ 22. c3 Qxc3+ 23. Ke2 Nh6 24. Bxc5+ Qxc5 25. Rhc1 Qd4 26. f4 Qb2+ 27.
Kd1 1-0

[Event "AUTO-INT-917"]
[Site "http://www.queenalice.com/game.php?id=410364"]
[Date "2008.5.30"]
[Round "1"]
[White "bleve"]
[Black "bigbem"]
[Result "0-1"]
[WhiteElo "1467"]
[BlackElo "1556"]

1. e4 e5 2. Qh5 Nc6 3. Bb5 g6 4. Qe2 Qf6 5. Nf3 d6 6. O-O Bd7 7. h3 a6 8. Bd3
Nb4 9. a3 Nxd3 10. Qxd3 Bb5 11. Qd5 Bc6 12. Qd3 Bb5 13. Qc3 Bxf1 14. Kxf1 Nh6
15. Qxc7 Qd8 16. Qxb7 Qc8 17. Qb3 Rb8 18. Qd5 Qxc2 19. Ng5 Qxc1+ 20. Ke2 Rxb2
21. Qa8+ Ke7 22. Qa7+ Kf6 23. Nf3 Rxb1 24. Ra2 Qd1+ 25. Ke3 Qb3+ 26. Ke2 Qxa2
0-1

[Event "AUTO-INT-917"]
[Site "http://www.queenalice.com/game.php?id=410369"]
[Date "2008.5.30"]
[Round "1"]
[White "KDP"]
[Black "bleve"]
[Result "0-1"]
[WhiteElo "1459"]
[BlackElo "1573"]

1. d4 Nf6 2. Nc3 c6 3. e4 d5 4. e5 Ne4 5. f3 Nxc3 6. bxc3 e6 7. g3 a6 8. f4 b5
9. Nf3 g6 10. Bd3 Bb7 11. O-O c5 12. Be3 c4 13. Be2 Ba3 14. Ng5 Qe7 15. Bf2 Nc6
16. g4 h6 17. Nf3 g5 18. f5 f6 19. exf6 Qxf6 20. fxe6 Qxe6 21. Qe1 O-O-O 22.
Bxc4 Qxg4+ 23. Bg3 Bb2 0-1

[Event "AUTO-INT-917"]
[Site "http://www.queenalice.com/game.php?id=410370"]
[Date "2008.5.30"]
[Round "1"]
[White "bleve"]
[Black "KDP"]
[Result "1-0"]
[WhiteElo "1560"]
[BlackElo "1475"]

1. e4 c6 2. d4 d5 3. e5 f6 4. exf6 Nxf6 5. Bg5 h6 6. Bxf6 gxf6 7. Bd3 e6 8. Qh5+
Ke7 9. Nf3 Qe8 10. Bg6 Qd7 11. Nc3 Kd8 12. a3 b6 13. Ne2 c5 14. O-O cxd4 15.
Nexd4 e5 16. Nf5 Rg8 17. Bf7 Rh8 18. Rad1 e4 19. Rxd5 Qxd5 20. Bxd5 exf3 21.
Bxf3 Bb7 22. Bxb7 1-0

[Event "AUTO-INT-922"]
[Site "http://www.queenalice.com/game.php?id=412715"]
[Date "2008.6.4"]
[Round "1"]
[White "bigbem"]
[Black "bleve"]
[Result "1-0"]
[WhiteElo "1568"]
[BlackElo "1455"]

1. e4 e5 2. Nc3 Nf6 3. d3 c6 4. Bg5 h6 5. Bxf6 Qxf6 6. Qf3 Qg5 7. Nh3 Qd8 8. g3
d5 9. exd5 c5 10. Qe4 f6 11. Qg6+ Kd7 12. Qf7+ Qe7 13. Qxe7+ Bxe7 14. f4 exf4
15. Nxf4 Re8 16. Bh3+ Kd8 17. Bxc8 Kxc8 18. O-O-O Nd7 19. Rhe1 Kc7 20. Nb5+ Kd8
21. Ne6+ Kc8 22. Nec7 a6 23. Nxe8 axb5 24. Rxe7 b6 25. Nxg7 1-0

[Event "AUTO-INT-922"]
[Site "http://www.queenalice.com/game.php?id=412716"]
[Date "2008.6.4"]
[Round "1"]
[White "bleve"]
[Black "bigbem"]
[Result "0-1"]
[WhiteElo "1444"]
[BlackElo "1579"]

1. e4 e5 2. Nf3 Nc6 3. Bb5 d6 4. c3 Qf6 5. d4 exd4 6. cxd4 a6 7. Bxc6+ bxc6 8.
O-O Bg4 9. Qd3 d5 10. Ne5 Bd7 11. Nc3 Bb4 12. Nf3 c5 13. Nxd5 Qd6 14. a3 Ba5 15.
Bd2 Bxd2 16. Qxd2 a5 17. Ne5 Nh6 18. Nc4 Qc6 19. Ne5 Qd6 20. Nc4 Qc6 21. Nxa5
Rxa5 22. Qxa5 Kd8 23. Nxc7 Qxc7 24. Qa8+ Bc8 0-1

[Event "AUTO-INT-922"]
[Site "http://www.queenalice.com/game.php?id=412731"]
[Date "2008.6.4"]
[Round "1"]
[White "THEJEGUE"]
[Black "bleve"]
[Result "1-0"]
[WhiteElo "1639"]
[BlackElo "1526"]

1. d4 Nf6 2. Bg5 Ne4 3. f3 Nxg5 4. h4 Ne6 5. d5 Nf4 6. e4 c6 7. Nc3 c5 8. g3 Nh5
9. Nge2 d6 10. g4 Nf6 11. Nf4 Qb6 12. Na4 Qb4+ 13. c3 Qa5 14. Bd3 b5 15. g5 c4
16. gxf6 gxf6 17. b4 Qc7 18. Nb2 cxd3 19. Qxd3 a6 20. a4 bxa4 21. Nxa4 Bh6 22.
Qe3 e5 23. Qb6 Ra7 24. Qxc7 Rxc7 25. Ne2 Rg8 26. Nb6 Bb7 27. Ng3 Be3 28. Na4 1-0

[Event "AUTO-INT-922"]
[Site "http://www.queenalice.com/game.php?id=412732"]
[Date "2008.6.4"]
[Round "1"]
[White "bleve"]
[Black "THEJEGUE"]
[Result "0-1"]
[WhiteElo "1515"]
[BlackElo "1676"]

1. e4 c5 2. Nc3 Nf6 3. Nf3 e6 4. d4 Ng4 5. Qe2 a5 6. Nb5 Na6 7. h3 Nh6 8. d5 d6
9. c4 b6 10. Bf4 Be7 11. a4 e5 12. Nxe5 dxe5 13. Bxe5 O-O 14. Qh5 Nb4 15. Qe2 f6
16. Bh2 Bd7 17. e5 Bf5 18. Qd2 Nf7 19. e6 Nd6 20. Bxd6 Bxd6 21. g4 Nc2+ 22. Ke2
Nxa1 23. gxf5 Nb3 24. Qe3 Nd4+ 25. Nxd4 cxd4 26. Qxd4 Qe7 0-1

[Event "AUTO-INT-922"]
[Site "http://www.queenalice.com/game.php?id=412741"]
[Date "2008.6.4"]
[Round "1"]
[White "diego_flavio14"]
[Black "bleve"]
[Result "1-0"]
[WhiteElo "1638"]
[BlackElo "1603"]

1. e4 e5 2. Nc3 Nc6 3. d3 Bb4 4. Bd2 d6 5. Nf3 Nf6 6. Be2 Bc5 7. O-O O-O 8. Bg5
Nb4 9. a3 Nc6 10. Nd5 Ne7 11. Nxf6+ gxf6 12. Bxf6 Qe8 13. Qd2 Ng6 14. Qh6 Bxf2+
15. Rxf2 Nh8 16. Qg7# 1-0

[Event "AUTO-INT-922"]
[Site "http://www.queenalice.com/game.php?id=412742"]
[Date "2008.6.4"]
[Round "1"]
[White "bleve"]
[Black "diego_flavio14"]
[Result "0-1"]
[WhiteElo "1490"]
[BlackElo "1651"]

1. e4 e5 2. Nf3 Nc6 3. Nc3 d6 4. Bb5 Bd7 5. Bc4 Be7 6. h3 Nf6 7. Ng5 O-O 8. Nxf7
Rxf7 9. Bxf7+ Kxf7 10. Nd5 Nxd5 11. exd5 Nd4 12. c4 Bf5 13. Qh5+ Bg6 14. Qg4
Nc2+ 15. Kf1 Nxa1 16. Qe6+ Kf8 17. Qg4 Qe8 18. Qf3+ Kg8 19. Qc3 Qa4 20. b3 Qxa2
21. Qb2 Qxb2 22. Bxb2 Nc2 23. Ke2 Nd4+ 24. Kd1 Bc2+ 25. Kc1 Bxb3 26. Bc3 Ne2+
27. Kb2 Bxc4 28. Bb4 a5 0-1

[Event "AUTO-INT-925"]
[Site "http://www.queenalice.com/game.php?id=414263"]
[Date "2008.6.6"]
[Round "1"]
[White "Leijoto"]
[Black "bleve"]
[Result "1-0"]
[WhiteElo "1577"]
[BlackElo "1570"]

1. e4 e5 2. Bc4 Nf6 3. Qf3 a6 4. Ne2 b5 5. Bb3 Bb7 6. Nbc3 c5 7. Nd5 c4 8. Bxc4
bxc4 9. d4 Qa5+ 10. c3 Nc6 11. Bg5 Be7 12. Nxf6+ gxf6 13. Bxf6 Bxf6 14. Qxf6 Rg8
15. O-O Qd8 16. Qd6 Rg6 17. Qc5 Qh4 18. Ng3 d6 19. Qxc4 Rc8 20. d5 Na5 21. Qa4+
Nc6 22. Qb3 Na5 23. Qa4+ Nc6 24. dxc6 Rxc6 25. Nf5 Qg5 26. g3 Kf8 27. Rad1 Rc7
28. Nxd6 Qe7 29. Nxb7 Rxb7 30. b4 Qe8 31. Qa5 1-0

[Event "AUTO-INT-925"]
[Site "http://www.queenalice.com/game.php?id=414264"]
[Date "2008.6.6"]
[Round "1"]
[White "bleve"]
[Black "Leijoto"]
[Result "0-1"]
[WhiteElo "1554"]
[BlackElo "1593"]

1. e4 e5 2. Nf3 d6 3. h3 Nf6 4. Nc3 g6 5. Nd5 Bg7 6. c4 Nxe4 7. d3 Nc5 8. b4 e4
9. Rb1 exf3 10. Qxf3 Ncd7 11. Be2 O-O 12. O-O Nf6 13. Bg5 Nbd7 14. a4 c6 15. Nc3
Ne5 16. Qe3 h6 17. Bf4 Bf5 18. Rbd1 Nh5 19. g4 Nxf4 20. Qxf4 Nd7 21. gxf5 g5 22.
Qxd6 Bxc3 23. Qxh6 Bxb4 24. Rb1 a5 25. f4 f6 26. fxg5 fxg5 27. Qg6+ Kh8 28. Qh6+
Kg8 29. d4 c5 30. Qg6+ Kh8 31. Qh6+ Kg8 32. Bd3 Rf6 0-1

[Event "AUTO-INT-925"]
[Site "http://www.queenalice.com/game.php?id=414279"]
[Date "2008.6.6"]
[Round "1"]
[White "bleve"]
[Black "Danado"]
[Result "0-1"]
[WhiteElo "1540"]
[BlackElo "1592"]

1. e4 e5 2. Nf3 Nc6 3. Bb5 Nf6 4. Nc3 a6 5. Bxc6 dxc6 6. Nxe5 Bd6 7. Nc4 Ng4 8.
Qe2 Qf6 9. f3 Qh4+ 10. g3 Bxg3+ 11. Kf1 Qh3+ 12. Qg2 Qxg2+ 13. Kxg2 Be5 14. fxg4
Bxc3 15. bxc3 Bxg4 16. d4 O-O 17. Bf4 b6 18. Bxc7 Rfe8 19. e5 Bf5 20. Nxb6 Ra7
21. Bd6 Be4+ 22. Kg1 Bxh1 23. Kxh1 f5 24. exf6 gxf6 25. Rg1+ Kf7 26. Nc4 Re2 27.
Rg2 Rxg2 28. Kxg2 Ke6 29. Bc5 Rg7+ 0-1

[Event "AUTO-INT-925"]
[Site "http://www.queenalice.com/game.php?id=414280"]
[Date "2008.6.6"]
[Round "1"]
[White "Danado"]
[Black "bleve"]
[Result "0-1"]
[WhiteElo "1607"]
[BlackElo "1541"]

1. e4 e5 2. Nf3 Nc6 3. d4 exd4 4. Nxd4 Bc5 5. Be3 Nf6 6. Nxc6 bxc6 7. Bxc5 d6 8.
Bd4 Nxe4 9. Bxg7 Rg8 10. Qd4 Nc5 11. Bd3 Ne6 12. Qe3 Rxg7 13. O-O Qg5 14. Qxg5
Rxg5 15. Re1 h5 16. Nd2 d5 17. Nf3 Rg7 18. Nd4 Kf8 19. Bf5 Nxd4 20. Bxc8 Rxc8
21. Rac1 Re8 22. Rxe8+ Kxe8 23. c3 Ne2+ 0-1

[Event "AUTO-INT-925"]
[Site "http://www.queenalice.com/game.php?id=414281"]
[Date "2008.6.6"]
[Round "1"]
[White "bleve"]
[Black "mzambiasi"]
[Result "0-1"]
[WhiteElo "1568"]
[BlackElo "1639"]

1. e4 e5 2. Nf3 d6 3. Bb5+ c6 4. Bc4 b5 5. Bb3 a5 6. d4 a4 7. Bxf7+ Kxf7 8. dxe5
d5 9. Ng5+ Ke8 10. Qh5+ g6 11. Qf3 Nh6 12. Nc3 Be7 13. Qh3 Bxh3 14. Nxh3 Ng4 0-1

[Event "AUTO-INT-925"]
[Site "http://www.queenalice.com/game.php?id=414282"]
[Date "2008.6.6"]
[Round "1"]
[White "mzambiasi"]
[Black "bleve"]
[Result "1-0"]
[WhiteElo "1652"]
[BlackElo "1555"]

1. d4 d5 2. Nc3 Nf6 3. Qd3 a6 4. Bd2 g6 5. O-O-O Nc6 6. Na4 Bf5 7. Qc3 Ne4 8.
Qe3 Qd7 9. f3 Nd6 10. Nc5 Qc8 11. g4 Nc4 12. Qc3 b6 13. b3 Na3 14. gxf5 1-0